Normal view MARC view
  • Ward Price and Co.

Entry Corporate Name

Number of records used in: 1

001 - CONTROL NUMBER

  • control field: 5397

003 - CONTROL NUMBER IDENTIFIER

  • control field: OSt

005 - DATE AND TIME OF LATEST TRANSACTION

  • control field: 20190806150242.0

008 - FIXED-LENGTH DATA ELEMENTS

  • fixed length control field: 071016n| acannaabn |n ana d

040 ## - CATALOGING SOURCE

  • Original cataloging agency: OSt
  • Transcribing agency: OSt

110 2# - HEADING--CORPORATE NAME

  • Corporate name or jurisdiction name as entry element: Ward Price and Co.

670 ## - SOURCE DATA FOUND

  • Source citation: Illustrated particulars, plan and conditions of sale of the valuable compact freehold and historic finely panelled Tudor mansion known as Gwydyr Castle [to be sold at auction by] Ward Price and co....at The Grosvenor Hotel, Chester on Monday 23rd May 1921..., [1921]